00701nam a22001937a 450000500170000001000150001702000260003203500140005803700130007208200130008510000220009824500750012026000570019527000570025230000280030994200270033799900190036495201240038320180511154045.0 aENG-122984 c450.00a9789386338396 aEN-106516 bDBAD/PUB a915.1504 aAbdul Wahid Radhu aTibetan caravans journeys from leh to lhasa /cby Abdul Wahid Radhub  aNew DelhibSpeaking Tiger Publishing Pvt. Ltd.c2017 a4381/4, Ansari Road, Darya Ganj, bNew Delhie110002 axxvii, 253p.c21cm(pbk) 2ddccENmABDh915.1504 c152019d152019 001040718NFICaDBADbLd2018-05-11eDBAD/PUBg450.00l0o915.1504 ABDpEN-106516r2018-05-11 00:00:00t1v450.00yEN